000 00717cam a22001697a 4500
999 _c520263
_d520263
008 180718b-- xxu||||| |||| 00| 0 eng d
082 _aI5135x5444 AR
100 _aKarnataka Administrative Reforms Commission report
_932454
245 _aKarnataka Administrative Reforms Commission, report
_cby Administrative Reforms Commission Karnataka
260 _aBangalore
_bAdministrative Reforms Commission
_c2021
300 _a3 parts
500 _aContents: First report. 266p.;Second report. 218p; Third report. 219p
650 _aAdministrative reforms - India - Karnataka
_932455
700 _aKarnataka. Administrative Reforms Commission
_932456
700 _aRamaswamy, Haranahalli (Chairman)
_932457
942 _2ddc